000 01022nam a2200289 i 4500
003 DO-SdBNP
005 20240701110049.0
006 a||||fr|||| 00| 0
007 ta
008 240628t2004 mx aobc| |||| 00| 0 spa d
040 _aDO-SdBNP
_bspa
_cBNPHU
_erda
082 4 _222
_bH557M
100 1 _aMiralles Ostos, Juan
_eautor
_985897
245 1 0 _aHernán Cortés:
_binventor de México /
_cJuan Miralles; prólogo de Fernando R. Lafuente.
264 4 _a[México, D. F.] :
_bEdiciones Folio,
_c©2004
300 _avolumen :
_bilustraciones, fotografías, mapas, retratos ;
_c21 cm.
336 1 0 _2rdacontent
_atexto
_btxt
337 _2rdamedia
_asin mediación
_bn
338 _2rdacarrier
_avolumen
_bnc
490 _aH. Protagonistas de la Histora ;
_v11
500 _aIncluye datos biográficos
590 _aInventariado 2024 / MF
600 1 4 _aCortés, Hernán,
_d1485-1547
_966280
_xBiografía
_zEspaña
700 1 _aLafuente, Fernando R.
_970752
_eprólogo
830 _nBiblioteca ABC
_985898
942 _2ddc
_cLBS1
999 _c57078
_d57078